000 00523nam a2200193 a 4500
001 1767765542568
003 YourLibrary
005 20260107144640.0
008 260107s1993##################000#0#eng##
020 _a9781857281378
082 0 4 _a300.7201724
_bBUL
100 1 _aBulmer, Martin,
_eauthor.
245 1 0 _aSocial Research in Developing Countries :
260 _bPsychology Press,
_c1993.
300 _a404 pages
650 0 _aPolitical Science.
942 _cENGLISH
040 _aYourLibrary
_beng
_cYourLibrary
999 _c607519
_d607519